000 00433nam a2200145Ia 4500
008 230917s9999||||xx |||||||||||||| ||und||
040 _e30303
_aMAIN
041 _aEnglish
082 _a362.7120954 F519F
100 _aSovaminathan, Mina ,ed.
245 0 _aFirst five years: A critical perspective on early childhood care and education in India
260 _aNew Delhi
_bSage Publications
_c1998
300 _a312 p.
942 _cBK
999 _c100790
_d100790